Normal view MARC view

Entry Personal Name

Number of records used in: 1

001 - CONTROL NUMBER

  • control field: 16980

003 - CONTROL NUMBER IDENTIFIER

  • control field: OSt

005 - DATE AND TIME OF LATEST TRANSACTION

  • control field: 20240513173520.0

008 - FIXED-LENGTH DATA ELEMENTS

  • fixed length control field: 240513|| aca||aabn | a|a d

040 ## - CATALOGING SOURCE

  • Original cataloging agency: OSt
  • Transcribing agency: OSt

100 ## - HEADING--PERSONAL NAME

  • Personal name: Edited by Kaufman, Paul L.; Alm, A.; Adler, Francis Heed

670 ## - SOURCE DATA FOUND

  • Source citation: Work cat.: (OSt)1805: Edited by Kaufman, Paul L.; Alm, A.; Adler, Francis Heed,, Adler's Physiology of the Eye :, c2003.